000 00702nam a2200265Ia 4500
003 OSt
005 20221006142937.0
006 a|||||r|||| 00| 0
007 ta
008 221006b |||||||| |||| 00| 0 eng d
020 _c80.68
024 _a7,607
037 _cTextual
040 _aEASL
_cEASL
_beng
041 _2eng
_aeng
082 _aY53.N80, M3
100 _aAbercrombie Nicholas
_9138565
245 0 _aCapital, labour and the middle classes
260 _aLondon
_bGeorge Allen & Unwin
_c1983
300 _a169p.
_ccm.
490 _v Oth
700 _a Urry John
942 _hY53.N80, M3
_cTEXL
_2CC
999 _c1075693
_d1075693